000 00659nam a2200229Ia 4500
003 OSt
005 20220918201948.0
006 a|||||r|||| 00| 0
007 ta
008 220917b |||||||| |||| 00| 0 eng d
024 _a97,736
037 _cTextual
040 _aARTS
_cARTS
_beng
041 _2eng
_aeng
082 _aV2:25wM52, J3
100 _aParthasarathy R T
_9101529
245 0 _aDawn and achievement of Indian freedom
_b being the life and times of Dr C Vijiaraghavachariar patriot and thinker
260 _c1953
650 _aHISTORY
942 _hV2:25wM52, J3
_cTEXL
_2CC
999 _c221330
_d221330